Planning and designing building / (Record no. 1513)
[ view plain ]
| 000 -LEADER | |
|---|---|
| fixed length control field | 00440cam a2200181ua 4500 |
| 041 ## - LANGUAGE CODE | |
| Language code of text/sound track or separate title | eng |
| 082 ## - DEWEY DECIMAL CLASSIFICATION NUMBER | |
| Classification number | 690.0223 |
| Item number | SAN/PL |
| 100 ## - MAIN ENTRY--AUTHOR NAME | |
| Personal name | Sane, Y.S . |
| 245 ## - TITLE STATEMENT | |
| Title | Planning and designing building / |
| 250 ## - EDITION STATEMENT | |
| Edition statement | 2 / |
| 260 ## - PUBLICATION, DISTRIBUTION, ETC. (IMPRINT) | |
| Place of publication | Poona : |
| Name of publisher | Modern publishing house , |
| Year of publication | 1964. |
| 300 ## - PHYSICAL DESCRIPTION | |
| Number of Pages | 229 ; . |
| 942 ## - ADDED ENTRY ELEMENTS (KOHA) | |
| Koha item type | Books |
| Withdrawn status | Lost status | Damaged status | Home library | Current library | Date acquired | Full call number | Accession Number | Koha item type |
|---|---|---|---|---|---|---|---|---|
| KAUAET | KAUAET | 07/04/2012 | 690.0223 | 13010 | Books | |||
| KAUAET | KAUAET | 23/08/2018 | 690.0223 SAN/PL | 13011 | Books | |||
| KAUAET | KAUAET | 16/11/2023 | 690.0223 SAN/PL | 13012 | Books |
